000 00393cam a22001575a 4500
001 L143969
002 17367
008 080610s xxk f 000 0 eng d
020 _a9781845379582
035 _a(Sirsi) u143969
041 0 _aeng
100 1 _aHymers,Paul
245 0 0 _a House Dividing
_bHow to Create Multiple Homes from a Single Property
651 4 _aENGLAND AND WALES
942 _n0
999 _c108324
_d108324